| 000 | 00855nac a22002411u 4500 | ||
|---|---|---|---|
| 010 | _a 93117516 | ||
| 020 | _a052136969X | ||
| 020 | _a0521498570 | ||
| 082 | 0 | 0 |
_a620 _bG238 |
| 090 |
_c4549 _d4549 |
||
| 100 | _aGarratt, James. | ||
| 245 | 1 | 0 |
_aDesign and technology / _cJames Garratt. |
| 260 |
_aCambridge ; _aNew York : _bCambridge University Press,1991. _c1991. |
||
| 300 |
_a319 p. : _bcol. ill. ; _c27 cm. |
||
| 500 | _aIncludes index. | ||
| 650 | 0 |
_aEngineering _xJuvenile literature. |
|
| 650 | 0 |
_aEngineering design _xJuvenile literature. |
|
| 650 | 0 |
_aEngineering design _xExperiments _xJuvenilie literature. |
|
| 650 | 0 | _aDesign, Industrial. | |
| 650 | 0 | _aEngineering. | |
| 942 |
_cBB _k620G238 |
||
| 999 |
_c4549 _d4549 |
||